Statistics for MCU Trivia (Phase 1)

Click here to take the quiz!

General Stats

  • This quiz has been taken 78 times
  • The average score is 22 of 30

Answer Stats

QuestionAnswer% Correct
Thor- Who Is The Guardian Of The Bifrost?Heimdall
92%
Thor- Thor Is The God Of...?Thunder
91%
Captain America: The First Avenger- What Is Captain America's Shield Made Out Of?Vibranium
91%
The Incredible Hulk- What Caused Bruce Banner To Create The Hulk?Gamma Rays
89%
The Avengers- Which Avenger Did Loki Mind Control?Hawkeye
89%
The Avengers- What Artifact Was Loki After In?The Tesseract
88%
The Avengers- What Food Were The Avengers Eating During The End Credits Scene?Shawarma
85%
The Incredible Hulk- Emil Blonksy Became Which Villain?Abomination
84%
The Avengers- What Alien Race Invaded New York City?Chitauri
81%
Iron Man 2- What Pet Does Ivan Vanko Have?Bird
80%
Captain America: The First Avenger- What Part Of New York Is Steve Rogers From?Brooklyn
80%
Iron Man 2- Who Replaced Terrence Howard As War Machine/James Rhodes?Don Cheadle
78%
Iron Man- What Does S.H.I.E.L.D. Stand For?Strategic Homeland Intervention, Enforcement And Logistics Division
78%
Captain America: The First Avenger- Which Scientist Assisted Red Skull During WWII?Arnim Zola
77%
Captain America: The First Avenger- Who Gave Captain America His Shield?Howard Stark
77%
Thor- How Many Realms Are There?Nine
77%
The Incredible Hulk- Who Was The Original Actor For Bruce Banner In?Edward Norton
76%
Thor- Which Country On Earth Did The Frost Giants Invade In 965 AD?Norway
74%
Iron Man- Where Is Tony Stark's Mansion Located?Malibu
70%
Iron Man- The Mid Credits Scene In "Iron Man" Introduced What Character?Nick Fury
70%
The Avengers- "I Am Burdened With Glorious...?Purpose
69%
Captain America: The First Avenger- How Long Was Steve Rogers Trapped In The Ice?66 Years
68%
Iron Man- Tony Stark Was Captured By Which Organization?The Ten Rings
62%
Iron Man 2- What Was The Original Element That Powered Tony Stark's Ark Reactor?Palladium
59%
Iron Man 2- Justin Hammer Was Played By Which Actor?Sam Rockwell
54%
Iron Man 2- What Is The Name Of The Donut Shop Tony Stark Ate At?Randy's Donuts
53%
The Incredible Hulk- What Country Did Bruce Banner Hide Out In For Five Years?Brazil
46%
Iron Man- Name Of The Scientist Who Helped Tony Stark Escape Afghanistan?Ho Yinsen
45%
The Incredible Hulk- Who Is "Mr. Blue"?Samuel Sterns
45%
Thor- Who Is NOT A Member Of The Warriors Three?Sif
42%

Score Distribution

Percentile by Number Answered

Percent of People with Each Score

Your Score History

You have not taken this quiz